Storia generale #1 - Statistics

Statistiche generali
  • Questo quiz è stato fatto 2.134 volte
  • Il punteggio medio è 11 su 15
Statistiche sulle risposte
Hint Risposta % Corretto
In che crociata fu conquistata Gerusalemme? prima
98%
Quale condottiero francese fu esiliato all'isola d'Elba? Napoleone
95%
Quale console romano è stato ucciso durante le idi di marzi? Giulio Cesare
93%
Come era soprannominato Lorenzo de Medici? Il Magnifico
91%
In quale anno è avvenuta l'unità d'Italia? 1861
90%
Chi ha scolpito la Pietà? Michelangelo
88%
Contro quale città i romani combatterono le guerre puniche? Cartagine
84%
Quale è stato il primo presidente degli Stati Uniti ad essere assassinato? Abramo Lincoln
75%
Per la scrittura di quale libro è famoso Niccolò Machiavelli? Il Principe
73%
Chi scrisse Macbeth? William Shakespeare
73%
Quale re inglese era soprannominato "Senza terra"? Giovanni
63%
Chi ha pronunciato la frase "Cogito ergo sum"? Cartesio
60%
Chi fu l'ultimo faraone d'Egitto? Cleopatra
48%
In che anno Granada fu conquistata dagli Spagnoli? 1492
37%
Chi era soprannominato "Il Valentino"? Cesare Borgia
28%
Nessun quiz corrispondente trovato
Distribuzione punteggi
Percentuale di utenti per punteggio
Percentile per numero di risposta
I tuoi punteggi nel tempo
Non hai fatto questo quiz